[Event "Skopje Karposh CC-ch"]
[Site "Skopje"]
[Date "2023.07.20"]
[Round "6"]
[White "Golubovic, Tomislav"]
[Black "Temkov, Blagoja"]
[Result "1/2-1/2"]
[WhiteElo "1622"]
[BlackElo "1868"]
[PlyCount "146"]
[EventDate "2023.07.16"]
[EventType "tourn"]
[EventRounds "11"]
[EventCountry "MKD"]
[SourceTitle "CBM 215 Extra"]
[Source "ChessBase"]
[SourceDate "2023.09.30"]
[SourceVersion "1"]
[SourceVersionDate "2023.09.30"]
[SourceQuality "1"]

1. e4 e5 2. Nf3 Nc6 3. Bc4 Nf6 4. 0-0 Be7 5. d3 h6 6. Nc3 d6 7. h3 0-0 8. Be3 Na5 9. Nd5 Nxe4 10. Nxe7+ Qxe7 11. Bxf7+ Qxf7 12. dxe4 Be6 13. b3 Nc6 14. Nh2 Qg6 15. Ng4 h5 16. f3 hxg4 17. hxg4 Rf6 18. Rf2 Raf8 19. Qd2 Bxg4 20. fxg4 Rxf2 21. Bxf2 Qxe4 22. g5 Qg4 23. Be3 Nd4 24. Bxd4 Qxd4+ 25. Qxd4 exd4 26. Re1 Rf5 27. Re7 Rc5 28. g6 Kf8 29. Rf7+ Ke8 30. Rxg7 Kf8 31. Rf7+ Kg8 32. Rf2 Kg7 33. Kf1 Kxg6 34. Ke1 Rf5 35. Rd2 c5 36. Ke2 Kf6 37. Kd3 b5 38. c3 dxc3 39. Kxc3 Ke6 40. Re2+ Kd5 41. Rd2+ Kc6 42. Kc2 Rg5 43. Rf2 a5 44. Kd3 Rg3+ 45. Ke4 a4 46. Kf4 Rg8 47. Ke4 axb3 48. axb3 Rg3 49. Rb2 d5+ 50. Kf4 Rg8 51. g4 d4 52. g5 d3 53. Rg2 Kd5 54. Ke3 c4 55. g6 Re8+ 56. Kd2 Kc5 57. g7 Rg8 58. bxc4 bxc4 59. Kc3 Kd5 60. Rg5+ Ke4 61. Rg4+ Ke3 62. Rg3+ Ke2 63. Rg2+ Kf3 64. Rg1 Kf2 65. Rg5 Ke3 66. Rg3+ Kf4 67. Rg2 Kf3 68. Rg1 Ke2 69. Rg2+ Ke1 70. Rg1+ Kf2 71. Rg5 Kf3 72. Rf5+ Ke4 73. Rf7 Kd5 1/2-1/2

[Event "Skopje Karposh CC-ch"]
[Site "Skopje"]
[Date "2023.07.16"]
[Round "1"]
[White "Ranic, Viktor"]
[Black "Temkov, Blagoja"]
[Result "1/2-1/2"]
[WhiteElo "1912"]
[BlackElo "1868"]
[PlyCount "65"]
[EventDate "2023.07.16"]
[EventType "tourn"]
[EventRounds "11"]
[EventCountry "MKD"]
[SourceTitle "CBM 215 Extra"]
[Source "ChessBase"]
[SourceDate "2023.09.30"]
[SourceVersion "1"]
[SourceVersionDate "2023.09.30"]
[SourceQuality "1"]

1. e4 e5 2. Nf3 Nc6 3. Bc4 Nf6 4. d3 h6 5. c3 Be7 6. b4 d5 7. exd5 Nxd5 8. 0-0 Nb6 9. Bb3 Bg4 10. b5 Na5 11. Bxf7+ Kf8 12. h3 Bf6 13. Bg6 Bxf3 14. Qxf3 a6 15. Ba3+ Kg8 16. bxa6 Rxa6 17. Bb4 Nd5 18. Nd2 Nc6 19. a3 Ncxb4 20. axb4 Nf4 21. Be4 Rxa1 22. Rxa1 Kf7 23. Nf1 Rf8 24. Ng3 Kg8 25. Nf5 c6 26. Kh2 Ne6 27. Qg4 Ng5 28. Nxh6+ gxh6 29. h4 Kh8 30. hxg5 Bxg5 31. Ra2 Rf4 32. Qe6 Rf6 33. Qg4 1/2-1/2

[Event "Karposh CC-ch"]
[Site "Skopje"]
[Date "2021.07.01"]
[Round "6"]
[White "Batkoski, Nenad"]
[Black "Temkov, Blagoja"]
[Result "0-1"]
[WhiteElo "1827"]
[BlackElo "1911"]
[PlyCount "84"]
[EventDate "2021.06.28"]
[EventType "tourn"]
[EventRounds "11"]
[EventCountry "MKD"]
[SourceTitle "EXT 2022"]
[Source "ChessBase"]
[SourceDate "2021.10.06"]
[SourceVersion "1"]
[SourceVersionDate "2021.10.06"]
[SourceQuality "1"]

1. e4 e5 2. Nf3 Nc6 3. d4 exd4 4. c3 Qe7 5. Bd3 d5 6. 0-0 dxe4 7. Bxe4 Qd6 8. Re1 Nge7 9. cxd4 Be6 10. d5 0-0-0 11. Nc3 Nxd5 12. Qa4 Nb6 13. Qb5 a6 14. Qg5 h6 15. Qg3 Qxg3 16. hxg3 Nd4 17. Nxd4 Rxd4 18. Be3 Rb4 19. b3 Bd6 20. Bd2 Rd8 21. Na4 Nxa4 22. bxa4 Rxa4 23. Bc3 Bb4 24. Bxg7 Bxe1 25. Rxe1 h5 26. Bf3 Rxa2 27. Bh6 Rh8 28. Bg7 Rg8 29. Be5 Rg5 30. Bf4 Rc5 31. Be3 Re5 32. Rc1 c6 33. Kh2 a5 34. Bd1 a4 35. Rc3 Rb5 36. Bf3 Ra1 37. Bd4 Rbb1 38. g4 hxg4 39. Be4 Rh1+ 40. Kg3 Rac1 41. Re3 Rc4 42. Rd3 f5 0-1

[Event "Karposh CC-ch"]
[Site "Skopje"]
[Date "2021.06.28"]
[Round "1"]
[White "Nikolovski, David"]
[Black "Temkov, Blagoja"]
[Result "0-1"]
[WhiteElo "1669"]
[BlackElo "1911"]
[PlyCount "36"]
[EventDate "2021.06.28"]
[EventType "tourn"]
[EventRounds "11"]
[EventCountry "MKD"]
[SourceTitle "EXT 2022"]
[Source "ChessBase"]
[SourceDate "2021.10.06"]
[SourceVersion "1"]
[SourceVersionDate "2021.10.06"]
[SourceQuality "1"]

1. c4 Nf6 2. g3 c6 3. Bg2 e5 4. Nf3 Qa5 5. 0-0 e4 6. Nd4 Qe5 7. Nb3 h5 8. d4 Qe6 9. Qc2 h4 10. Nc5 Bxc5 11. dxc5 Na6 12. Be3 hxg3 13. hxg3 Qe5 14. Nc3 Qh5 15. Rfd1 Qh2+ 16. Kf1 d5 17. cxd6 Bh3 18. Bxh3 Qh1# 0-1

[Event "Skopje op"]
[Site "Skopje"]
[Date "2019.12.09"]
[Round "5"]
[White "Velkoski, Stojan"]
[Black "Temkov, Blagoja"]
[Result "1/2-1/2"]
[WhiteElo "1563"]
[BlackElo "1966"]
[PlyCount "85"]
[EventDate "2019.12.06"]
[EventType "swiss"]
[EventRounds "9"]
[EventCountry "MKD"]
[SourceTitle "CBM 193 Extra"]
[Source "ChessBase"]
[SourceDate "2020.01.31"]
[SourceVersion "1"]
[SourceVersionDate "2020.01.31"]
[SourceQuality "1"]

1. e4 e5 2. Nf3 Nc6 3. Bc4 Bc5 4. 0-0 Nf6 5. d4 Bxd4 6. Nxd4 Nxd4 7. Bg5 h6 8. Bh4 g5 9. f4 d5 10. fxe5 dxc4 11. Bf2 Nxe4 12. Bxd4 c5 13. Bc3 Qxd1 14. Rxd1 Be6 15. Re1 Nxc3 16. Nxc3 0-0-0 17. Ne4 Rd5 18. Nd6+ Kc7 19. Rad1 Rd8 20. Rxd5 Bxd5 21. Rd1 Bc6 22. Rf1 Bd5 23. Nxf7 Re8 24. c3 Re7 25. Nxh6 Rxe5 26. Rf5 Kd6 27. Kf2 b5 28. Rxe5 Kxe5 29. Ng4+ Kf4 30. Ne3 Be6 31. Ke2 a5 32. Kd2 b4 33. g3+ Kf3 34. h4 g4 35. h5 Kxg3 36. h6 Bg8 37. Nd5 Kf2 38. Nf6 g3 39. Nxg8 g2 40. h7 g1Q 41. h8Q Qe1+ 42. Kc2 Qe2+ 43. Kc1 1/2-1/2

[Event "FRM-chT"]
[Site "Struga"]
[Date "2018.08.12"]
[Round "2.6"]
[White "Temkov, Blagoja"]
[Black "Nikoloski, Kire"]
[Result "0-1"]
[WhiteElo "1981"]
[BlackElo "2128"]
[PlyCount "98"]
[EventDate "2018.08.11"]
[EventType "team-tourn"]
[EventRounds "7"]
[EventCountry "MKD"]
[SourceTitle "CBM 186 Extra"]
[Source "ChessBase"]
[SourceDate "2018.08.24"]
[SourceVersion "1"]
[SourceVersionDate "2018.08.24"]
[SourceQuality "1"]
[WhiteTeam "Skopje Karposh"]
[BlackTeam "Prilep"]
[WhiteTeamCountry "MKD"]
[BlackTeamCountry "MKD"]

1. d4 d5 2. Nf3 e6 3. c4 c6 4. e3 Bd6 5. Nc3 f5 6. cxd5 exd5 7. Bd3 Qf6 8. h4 Ne7 9. Bd2 Nd7 10. a4 h6 11. Rc1 Qe6 12. Qe2 Nf6 13. Bb1 Ne4 14. Nxe4 fxe4 15. Ne5 0-0 16. f4 exf3 17. gxf3 Bxe5 18. dxe5 Qxe5 19. Bc3 Qh5 20. Qg2 Rf7 21. Ke2 Bf5 22. Bxf5 Nxf5 23. Kd2 Re8 24. Rcg1 Nxe3 25. Qg3 Nf5 26. Qf4 d4 27. Bb4 b6 28. Qg4 Qxg4 29. fxg4 Ne3 30. Kc1 c5 31. Be1 g6 32. Rh2 Re4 33. g5 h5 34. Kd2 Nf1+ 35. Rxf1 Rxf1 36. Bg3 a6 37. Bc7 b5 38. a5 c4 39. Kc2 Rf7 40. Bd8 Rff4 41. b3 Rxh4 42. Rf2 Rhf4 43. Rg2 Rf3 44. bxc4 bxc4 45. Rh2 Re2+ 46. Rxe2 d3+ 47. Kd2 c3+ 48. Ke1 dxe2 49. Bf6 Rxf6 0-1

[Event "FRM-chT 16th"]
[Site "Ohrid"]
[Date "2017.07.28"]
[Round "5.3"]
[White "Pancevski, Filip"]
[Black "Temkov, Blagoja"]
[Result "1-0"]
[WhiteElo "2502"]
[BlackElo "1983"]
[PlyCount "93"]
[EventDate "2017.07.24"]
[EventType "team-tourn"]
[EventRounds "5"]
[EventCountry "MKD"]
[SourceTitle "CBM 179 Extra"]
[Source "ChessBase"]
[SourceDate "2017.08.23"]
[SourceVersion "1"]
[SourceVersionDate "2017.08.23"]
[SourceQuality "1"]
[WhiteTeam "Skopje Alkaloid"]
[BlackTeam "Skopje Karposh"]
[WhiteTeamCountry "MKD"]
[BlackTeamCountry "MKD"]

1. e4 d5 2. exd5 Qxd5 3. Nf3 Nf6 4. Be2 e6 5. 0-0 Be7 6. d4 Nc6 7. b3 0-0 8. Bb2 Rd8 9. Nbd2 b6 10. Re1 Bb7 11. Nf1 Qa5 12. Qc1 Bf8 13. a3 Ne7 14. c4 c5 15. b4 cxb4 16. axb4 Qf5 17. Ng3 Qg6 18. Nh4 Qh6 19. Qxh6 gxh6 20. d5 Bg7 21. Bf3 Rd6 22. dxe6 Bxf3 23. exf7+ Kxf7 24. Nxf3 a5 25. Rxe7+ Kxe7 26. Nf5+ Kd7 27. Nxg7 axb4 28. Rb1 Ne4 29. Nf5 Nd2 30. Nxd2 Rxd2 31. g4 Rc8 32. Bd4 Rxc4 33. Bxb6 Rxg4+ 34. Kf1 Kc6 35. Be3 Ra2 36. Rc1+ Kb5 37. Nd4+ Ka4 38. Rc7 Ra1+ 39. Ke2 Ra2+ 40. Kf3 Rxd4 41. Bxd4 Ra3+ 42. Ke4 Rh3 43. f4 b3 44. f5 Rxh2 45. f6 Rh1 46. f7 Rf1 47. Bg7 1-0

[Event "FRM-chT 25th"]
[Site "Ohrid"]
[Date "2016.08.11"]
[Round "4.3"]
[White "Stefanovski, Dushan"]
[Black "Temkov, Blagoja"]
[Result "1-0"]
[WhiteElo "2300"]
[BlackElo "1980"]
[PlyCount "131"]
[EventDate "2016.08.08"]
[EventType "team-tourn"]
[EventRounds "5"]
[EventCountry "MKD"]
[SourceTitle "CBM 173 Extra"]
[Source "ChessBase"]
[SourceDate "2016.08.29"]
[SourceVersion "1"]
[SourceVersionDate "2016.08.29"]
[SourceQuality "1"]
[WhiteTeam "Gostivar"]
[BlackTeam "Skopje Karposh"]
[WhiteTeamCountry "MKD"]
[BlackTeamCountry "MKD"]

1. e4 d6 2. d4 g6 3. Nc3 Bg7 4. Bc4 Nc6 5. Nge2 Nf6 6. f3 Na5 7. Bb3 0-0 8. Bg5 c5 9. dxc5 dxc5 10. Qxd8 Rxd8 11. e5 c4 12. exf6 exf6 13. Bf4 cxb3 14. Bc7 Re8 15. Bxa5 bxc2 16. 0-0 b6 17. Bb4 Ba6 18. Rfe1 Rad8 19. Nf4 Rxe1+ 20. Rxe1 f5 21. Nfd5 Bd4+ 22. Kh1 Bf2 23. Rc1 Bd3 24. Be7 Rc8 25. Bg5 Kg7 26. Nb4 Bc4 27. Rxc2 Bd4 28. Rd2 Re8 29. Nc2 Bxc3 30. bxc3 Bxa2 31. h4 Rc8 32. Be3 Bc4 33. Rd7 Ra8 34. Bd4+ Kf8 35. Kh2 Ke8 36. Rc7 Bb3 37. Nb4 a5 38. Nc6 Kf8 39. Bxb6 a4 40. Bc5+ Kg7 41. Ra7 Rc8 42. Bd4+ Kh6 43. Ne5 Rf8 44. g4 f6 45. Nd7 Rf7 46. Nxf6 Rxa7 47. g5+ Kg7 48. Bxa7 a3 49. c4 Bxc4 50. Bd4 a2 51. Kg3 Bb5 52. Kf4 Be2 53. Ke3 Bd1 54. Be5 Bb3 55. Bc3 Bd1 56. f4 Bc2 57. Kd2 Bb3 58. Kc1 Bc4 59. Kb2 Be6 60. Be5 Bc4 61. Ka3 Be6 62. Kb4 Bf7 63. Kc5 Bb3 64. Kd6 Bc4 65. Ke7 Bb3 66. Ng4+ 1-0

[Event "FRM-chT 25th"]
[Site "Ohrid"]
[Date "2016.08.08"]
[Round "1.3"]
[White "Nikoloski, Kire"]
[Black "Temkov, Blagoja"]
[Result "1-0"]
[WhiteElo "2141"]
[BlackElo "1980"]
[PlyCount "169"]
[EventDate "2016.08.08"]
[EventType "team-tourn"]
[EventRounds "5"]
[EventCountry "MKD"]
[SourceTitle "CBM 173 Extra"]
[Source "ChessBase"]
[SourceDate "2016.08.29"]
[SourceVersion "1"]
[SourceVersionDate "2016.08.29"]
[SourceQuality "1"]
[WhiteTeam "Prilep"]
[BlackTeam "Skopje Karposh"]
[WhiteTeamCountry "MKD"]
[BlackTeamCountry "MKD"]

1. e4 e5 2. Nf3 Nc6 3. Bb5 a6 4. Ba4 Nf6 5. d3 b5 6. Bb3 h6 7. 0-0 Be7 8. a4 Bb7 9. Nc3 b4 10. Nd5 d6 11. a5 Nxd5 12. Bxd5 Nxa5 13. Rxa5 c6 14. Bxf7+ Kxf7 15. Ra4 Qb6 16. Be3 Qb5 17. c4 bxc3 18. bxc3 c5 19. Qc2 Bc6 20. Rfa1 Rhb8 21. Ra5 Qb3 22. Qc1 Qb2 23. Bxc5 Qxc1+ 24. Rxc1 Bb5 25. c4 dxc5 26. cxb5 Rxb5 27. Nxe5+ Ke6 28. Nc4 Rxa5 29. Nxa5 Rd8 30. Rd1 Rd4 31. Nc4 Bd8 32. Kf1 Rd7 33. Ke2 Ra7 34. Ra1 Bf6 35. Ra3 Bd4 36. f4 Kd7 37. Kd2 Kc6 38. Kc2 Kb5 39. Ra5+ Kc6 40. Ra3 Kb5 41. Rb3+ Kc6 42. Rb6+ Kc7 43. Rg6 a5 44. Ne5 Ra8 45. Rxg7+ Kb6 46. Nc4+ Kb5 47. Rb7+ Kc6 48. Rb6+ Kc7 49. Rb5 a4 50. Kb1 h5 51. g3 Kc6 52. Rb6+ Kc7 53. Ka2 Bg1 54. Rh6 Rd8 55. Nb2 Bxh2 56. Rxh5 Bxg3 57. Rxc5+ Kb7 58. Rf5 Rd4 59. Ra5 Bxf4 60. Rxa4 Rd8 61. Kb1 Be5 62. Rb4+ Kc6 63. Kc2 Kc5 64. Rc4+ Kb5 65. Na4 Bf6 66. Nc3+ Ka5 67. Ra4+ Kb6 68. Nd5+ Kb5 69. Rb4+ Ka5 70. Rc4 Bg7 71. d4 Rh8 72. Rc5+ Ka6 73. Kd3 Rh3+ 74. Kc4 Rh1 75. Nc7+ Kb7 76. Kd5 Bf8 77. Rc2 Ra1 78. e5 Ra5+ 79. Ke6 Ra4 80. d5 Rh4 81. Ne8 Rh7 82. d6 Rh6+ 83. Kf7 Rh5 84. d7 Rf5+ 85. Ke6 1-0

[Event "FRM-chT 20th"]
[Site "Struga"]
[Date "2011.08.14"]
[Round "7"]
[White "Temkov, Blagoja"]
[Black "Damceski, Marjan"]
[Result "1/2-1/2"]
[WhiteElo "1951"]
[BlackElo "2060"]
[PlyCount "68"]
[EventDate "2011.08.08"]
[EventType "team-tourn"]
[EventRounds "7"]
[EventCountry "MKD"]
[SourceTitle "CBM 143 Extra"]
[Source "ChessBase"]
[SourceDate "2011.08.29"]
[SourceVersion "1"]
[SourceVersionDate "2011.08.29"]
[SourceQuality "1"]
[WhiteTeam "Skopje Karposh"]
[BlackTeam "Prilep"]
[WhiteTeamCountry "MKD"]
[BlackTeamCountry "MKD"]

1. e4 c5 2. Nc3 Nc6 3. g3 g6 4. Bg2 Bg7 5. d3 d6 6. Nge2 e6 7. Be3 Nd4 8. 0-0 Ne7 9. Qd2 0-0 10. Rae1 Nec6 11. Nc1 Nb4 12. Bxd4 Bxd4 13. Nd1 Nc6 14. c3 Bg7 15. f4 Bd7 16. Ne3 Ne7 17. Ne2 Rb8 18. g4 f5 19. Ng3 b5 20. gxf5 exf5 21. exf5 Nxf5 22. Nd5 Qh4 23. Nxf5 Bxf5 24. Re7 a5 25. Rfe1 b4 26. Ra7 bxc3 27. Rxg7+ Kxg7 28. Qxc3+ Kh6 29. Re7 Rg8 30. Nf6 Rh8 31. Ng4+ Kh5 32. Nf6+ Kh6 33. Ng4+ Kh5 34. Nf6+ Kh6 1/2-1/2

[Event "Skopje Karposh op"]
[Site "Skopje"]
[Date "2011.04.08"]
[Round "8"]
[White "Jankov, Saso"]
[Black "Temkov, Blagoja"]
[Result "1/2-1/2"]
[WhiteElo "2164"]
[BlackElo "1938"]
[PlyCount "60"]
[EventDate "2011.04.02"]
[EventType "swiss"]
[EventRounds "9"]
[EventCountry "MKD"]
[SourceTitle "CBM 141 Extra"]
[Source "ChessBase"]
[SourceDate "2011.05.03"]
[SourceVersion "1"]
[SourceVersionDate "2011.05.03"]
[SourceQuality "1"]

1. d4 Nf6 2. Nf3 d5 3. Bf4 Bf5 4. e3 e6 5. Nbd2 Be7 6. Be2 0-0 7. c3 Nbd7 8. 0-0 c5 9. h3 c4 10. Ne5 Nxe5 11. Bxe5 Bd6 12. Bxd6 Qxd6 13. Nf3 Ne4 14. Ne5 f6 15. Ng4 h5 16. Nh2 h4 17. Bg4 Bh7 18. Bf3 Ng5 19. Be2 f5 20. f4 Ne4 21. Nf3 g5 22. Nxg5 Nxg5 23. fxg5 Qg3 24. Rf3 Qxg5 25. Qe1 Kh8 26. Rf4 Rg8 27. Qf2 Qg3 28. Rxh4 Rg7 29. Qxg3 Rxg3 30. Kf2 Rag8 1/2-1/2

[Event "Skopje Karposh op"]
[Site "Skopje"]
[Date "2011.04.02"]
[Round "1"]
[White "Bogdanovski, Vlatko"]
[Black "Temkov, Blagoja"]
[Result "1-0"]
[WhiteElo "2421"]
[BlackElo "1938"]
[PlyCount "81"]
[EventDate "2011.04.02"]
[EventType "swiss"]
[EventRounds "9"]
[EventCountry "MKD"]
[SourceTitle "CBM 141 Extra"]
[Source "ChessBase"]
[SourceDate "2011.05.03"]
[SourceVersion "1"]
[SourceVersionDate "2011.05.03"]
[SourceQuality "1"]

1. c4 Nf6 2. Nf3 c6 3. Nc3 d5 4. e3 e6 5. d4 Bb4 6. Bd3 0-0 7. 0-0 Nbd7 8. a3 Bd6 9. Qc2 Re8 10. e4 dxe4 11. Nxe4 Nxe4 12. Bxe4 h6 13. b4 Nf6 14. Bd3 a5 15. Bd2 Bc7 16. Rfd1 Nh5 17. g3 Qf6 18. Be4 Qe7 19. Ne5 Nf6 20. Bg2 a4 21. Re1 Rd8 22. Bc3 Ne8 23. Rad1 f6 24. Nd3 Qf7 25. Nc5 Nd6 26. Bb2 Kh8 27. Re2 e5 28. dxe5 Nxc4 29. Rxd8+ Bxd8 30. e6 Qe7 31. Qxc4 b6 32. Bxc6 Ra7 33. Nd7 Rc7 34. b5 Qd6 35. Qxa4 Be7 36. Bc1 Qd3 37. Qc2 Qd4 38. Bb2 Qg4 39. Qe4 Qg5 40. Nxb6 f5 41. Qf4 1-0

[Event "Skopje op"]
[Site "Skopje"]
[Date "2011.03.24"]
[Round "6"]
[White "Temkov, Blagoja"]
[Black "Ilic, Zoran"]
[Result "0-1"]
[WhiteElo "1938"]
[BlackElo "2269"]
[PlyCount "112"]
[EventDate "2011.03.19"]
[EventType "swiss"]
[EventRounds "9"]
[EventCountry "MKD"]
[SourceTitle "CBM 141 Extra"]
[Source "ChessBase"]
[SourceDate "2011.05.03"]
[SourceVersion "1"]
[SourceVersionDate "2011.05.03"]
[SourceQuality "1"]

1. e4 c5 2. Nc3 d6 3. f4 Nc6 4. Bb5 Bd7 5. Bxc6 Bxc6 6. Nf3 Nf6 7. Qe2 g6 8. 0-0 Bg7 9. d3 0-0 10. Qe1 d5 11. e5 Ne8 12. Ng5 e6 13. Qg3 Nc7 14. Bd2 b5 15. h4 f6 16. Nf3 b4 17. Ne2 d4 18. Qh3 Bxf3 19. Rxf3 fxe5 20. h5 gxh5 21. Qxh5 Rf5 22. Qg4 exf4 23. Bxf4 Nd5 24. Bh6 Qf6 25. Rxf5 exf5 26. Qf3 Rd8 27. Bxg7 Qxg7 28. Qxf5 Qxg2+ 29. Kxg2 Ne3+ 30. Kf3 Nxf5 31. Rg1+ Kf7 32. Rg5 Ke6 33. Ke4 Nd6+ 34. Kf3 Rc8 35. Rh5 Nf7 36. Nf4+ Kd6 37. Rd5+ Kc6 38. Rh5 Re8 39. Rf5 Nd6 40. Rh5 Re7 41. Rh6 Rf7 42. Kg4 a5 43. Rh5 Re7 44. Rh1 a4 45. Rc1 Nb5 46. Rh1 a3 47. Rh6+ Nd6 48. bxa3 bxa3 49. Ne6 Nf7 50. Nd8+ Kb5 51. Re6 Rxe6 52. Nxe6 Kb4 53. Kf3 Nd6 54. Ke2 Nb5 55. Nd8 h5 56. Nc6+ Kc3 0-1

[Event "Skopje op"]
[Site "Skopje"]
[Date "2011.03.21"]
[Round "3"]
[White "Hristovski, Srdzan"]
[Black "Temkov, Blagoja"]
[Result "1/2-1/2"]
[WhiteElo "2140"]
[BlackElo "1938"]
[PlyCount "24"]
[EventDate "2011.03.19"]
[EventType "swiss"]
[EventRounds "9"]
[EventCountry "MKD"]
[SourceTitle "CBM 141 Extra"]
[Source "ChessBase"]
[SourceDate "2011.05.03"]
[SourceVersion "1"]
[SourceVersionDate "2011.05.03"]
[SourceQuality "1"]

1. d4 d5 2. c4 c6 3. Nc3 Nf6 4. Nf3 dxc4 5. a4 Bf5 6. e3 e6 7. Bxc4 Bb4 8. 0-0 Nbd7 9. Qb3 a5 10. Na2 Be7 11. Qxb7 Rb8 12. Qa6 Ra8 1/2-1/2

[Event "Skopje op"]
[Site "Skopje"]
[Date "2011.03.19"]
[Round "1"]
[White "Danchevski, Orce"]
[Black "Temkov, Blagoja"]
[Result "1-0"]
[WhiteElo "2400"]
[BlackElo "1938"]
[PlyCount "85"]
[EventDate "2011.03.19"]
[EventType "swiss"]
[EventRounds "9"]
[EventCountry "MKD"]
[SourceTitle "CBM 141 Extra"]
[Source "ChessBase"]
[SourceDate "2011.05.03"]
[SourceVersion "1"]
[SourceVersionDate "2011.05.03"]
[SourceQuality "1"]

1. e4 e5 2. Nf3 Nc6 3. d4 exd4 4. Nxd4 Bc5 5. Nxc6 bxc6 6. Bd3 Qf6 7. 0-0 Ne7 8. Nc3 d6 9. e5 Qxe5 10. Re1 Qd4 11. Ne4 Bb6 12. c3 Qd5 13. Bg5 Be6 14. Bf6 Kf8 15. c4 Qf5 16. Bc3 Rd8 17. Qd2 Qg4 18. Ng5 Ng6 19. h3 Qg3 20. Bxg6 hxg6 21. c5 Bxc5 22. Rxe6 fxe6 23. Nxe6+ Kf7 24. Nxc5 Qh4 25. Nd3 Rh5 26. Re1 Rf5 27. Qe3 Kg8 28. Qxa7 Rf7 29. Qe3 Rdf8 30. Qe4 Qg5 31. Qxc6 Qf5 32. Qe4 Qg5 33. Re3 Rf5 34. Qe7 Qxe7 35. Rxe7 R8f7 36. Re3 Kf8 37. Kf1 c5 38. f3 Ra7 39. a3 Re7 40. Ke2 Rb7 41. g4 Rd5 42. Nf4 Rd4 43. Ne6+ 1-0